[Event "WYCC 2018 O18"]
[Site "Halkidiki"]
[Date "2018.10.22"]
[Round "4"]
[White "Jimenez Ramallo, Francisco J"]
[Black "Carnicelli, Valerio"]
[Result "0-1"]
[WhiteElo "2073"]
[BlackElo "2299"]
[Annotator "NA"]
[PlyCount "92"]
[EventDate "2018.10.20"]
[EventType "swiss"]
[EventCountry "GRE"]
[SourceTitle "playchess.com"]
[Source "ChessBase"]
[SourceQuality "1"]
[TimeControl "40/5400+30:1800+30"]

1. d4 {[%emt 0:00:00]} Nf6 {[%emt 0:00:00]} 2. c4 {[%emt 0:00:00]} g6 {[%emt 0:00:03]} 3. g3 {[%emt 0:00:00]} Bg7 {[%emt 0:00:06]} 4. Bg2 {[%emt 0:00:00]} O-O {[%emt 0:00:04]} 5. Nc3 {[%emt 0:00:03]} d6 {[%emt 0:00:18]} 6. Nf3 {[%emt 0:00:08]} Nc6 {[%emt 0:00:12]} 7. O-O {[%emt 0:00:18]} a6 {[%emt 0:00:07]} 8. b3 {[%emt 0:00:20]} Rb8 9. d5 {[%emt 0:04:00]} Na5 {[%emt 0:05:51] E63: King's Indian: Fianchetto: Panno Variation with 7...a6} 10. Bg5 {[%emt 0:00:18]} (10. Bd2 c5 11. dxc6 Nxc6 12. Qc1 Bd7 13. Bh6 b5 14. Bxg7 Kxg7 15. cxb5 axb5 16. Qb2 Kg8 17. b4 Qb6 18. Rfd1 Rfc8 {½-½ (77) Inarkiev,E (2689)-Zhao,J (2604) Riadh 2017}) 10... b5 {[%emt 0:01:00]} 11. cxb5 {[%emt 0:20:30]} axb5 {[%emt 0:00:07]} 12. b4 {[%emt 0:00:16]} Nc4 {[%emt 0:00:21]} 13. Rc1 {[%emt 0:09:11]} Bd7 {[%emt 0:04:52]} 14. Nd2 $146 {[%emt 0:01:29]} ({Predecessor:} 14. Qb3 e6 15. Nd4 h6 16. Bxf6 Qxf6 17. Rfd1 {½-½ (42) Pechoucek,M (1536)-Timar,Z (2212) IECG email 2003}) 14... h6 {[%emt 0:09:26]} 15. Nxc4 {[%emt 0:01:22]} bxc4 {[%emt 0:00:06]} 16. Bxf6 {[%emt 0:09:13]} exf6 {[%emt 0:00:57]} 17. b5 {[%emt 0:01:57]} f5 {[%emt 0:00:43]} 18. a4 {[%emt 0:00:11]} f4 {[%emt 0:16:11]} 19. Na2 {[%emt 0:08:22]} fxg3 {[%emt 0:00:39]} 20. hxg3 {[%emt 0:00:09]} Ra8 {[%emt 0:01:46]} 21. Nb4 {[%emt 0:03:46]} c3 {[%emt 0:00:33]} 22. Qc2 {[%emt 0:05:18]} h5 {[%emt 0:17:35]} 23. Nc6 {[%emt 0:20:48]} Qg5 {[%emt 0:00:59]} 24. Qe4 {[%emt 0:00:25]} Rfe8 {[%emt 0:00:23]} 25. Qc4 {[%emt 0:00:08]} Qg4 {[%emt 0:01:56]} 26. e4 {[%emt 0:01:12]} h4 $17 {[%emt 0:00:21]} 27. gxh4 {[%emt 0:00:43]} Qxh4 {[%emt 0:02:47]} 28. f4 {[%emt 0:01:33]} Bh3 {[%emt 0:02:14]} 29. Rf3 {[%emt 0:03:45]} Bg4 {[%emt 0:01:01]} 30. Re3 {[%emt 0:02:55]} Bd7 {[%emt 0:10:25]} 31. Rf1 {[%emt 0:03:34]} Bf6 {[%emt 0:02:31]} 32. Rd3 {[%emt 0:02:18]} Kg7 {[%emt 0:00:31]} 33. Nd4 {[%emt 0:01:30]} Rh8 {[%emt 0:04:10]} 34. Rff3 {[%emt 0:00:32]} Qh2+ {[%emt 0:02:39]} 35. Kf1 {[%emt 0:00:01]} Rh4 {[%emt 0:08:24]} 36. e5 dxe5 {[%emt 0:00:30]} 37. Ne6+ {[%emt 0:01:28]} Bxe6 {[%emt 0:00:56]} 38. dxe6 {[%emt 0:00:09]} e4 {[%emt 0:00:35]} 39. Qxe4 {[%emt 0:00:51]} c2 {[%emt 0:00:08]} 40. Qc4 {[%emt 0:00:00]} Rxa4 {[%emt 0:00:00]} 41. Qxc2 {[%emt 0:03:01]} Ra1+ {[%emt 0:00:48]} 42. Rd1 {[%emt 0:00:30]} Bd4 {[%emt 0:00:47]} 43. Rxa1 {[%emt 0:02:23]} Qg1+ {[%emt 0:00:13]} 44. Ke2 {[%emt 0:00:06]} Qxg2+ {[%emt 0:00:07]} 45. Kd3 {[%emt 0:00:06]} Qxf3+ {[%emt 0:00:38]} 46. Kxd4 {[%emt 0:00:23]} Qxf4+ {[%emt 0:00:03]} 0-1

[Event "WYCC 2018 O18"]
[Site "Halkidiki"]
[Date "2018.10.22"]
[Round "4"]
[White "Brewer, Callum D"]
[Black "Pantzar, Milton"]
[Result "0-1"]
[WhiteElo "2056"]
[BlackElo "2326"]
[Annotator "NA"]
[PlyCount "58"]
[EventDate "2018.10.20"]
[EventType "swiss"]
[EventCountry "GRE"]
[SourceTitle "playchess.com"]
[Source "ChessBase"]
[SourceQuality "1"]
[TimeControl "40/5400+30:1800+30"]

1. e4 {[%emt 0:00:00]} Nc6 {[%emt 0:00:00]} 2. Nf3 {[%emt 0:00:00]} d6 {[%emt 0:00:00]} 3. h3 {[%emt 0:05:08]} Nf6 {[%emt 0:04:41]} 4. Nc3 {[%emt 0:06:09]} g6 {[%emt 0:01:39]} 5. d4 {[%emt 0:01:19]} Bg7 {[%emt 0:00:10]} 6. Be3 {[%emt 0:01:35]} O-O {[%emt 0:00:55]} 7. Qd2 {[%emt 0:03:19]} a6 {[%emt 0:06:24] B08: Pirc Defence: Classical System} 8. O-O-O {[%emt 0:14:41]} (8. Bd3 e5 9. d5 Ne7 10. g4 c6 11. dxc6 bxc6 12. O-O-O d5 13. Nxe5 Nxe4 14. Bxe4 Bxe5 15. Bg2 {0-1 (27) Movsesian,S (2647)-Carlsen,M (2837) Riadh 2017}) 8... b5 {[%emt 0:03:00]} 9. e5 {[%emt 0:03:26]} dxe5 {[%emt 0:12:28]} 10. Nxe5 $146 {[%emt 0:02:49]} ({Predecessor:} 10. dxe5 Qxd2+ 11. Rxd2 b4 12. Nd5 Nxd5 13. Rxd5 Nd8 14. Bc4 Nb7 15. Rd2 {1-0 (39) Webb,L (2336)-Evans Quek,S (2295) West Bromwich 2005}) 10... Bb7 {[%emt 0:05:37]} 11. Bh6 {[%emt 0:12:15] [#]} Qxd4 $1 {[%emt 0:04:35]} 12. Nd3 {[%emt 0:07:45]} Rad8 {[%emt 0:12:52]} 13. Be3 {[%emt 0:01:50]} Qd7 {[%emt 0:01:24]} 14. Nc5 {[%emt 0:02:28]} Qxd2+ {[%emt 0:04:41]} 15. Rxd2 {[%emt 0:00:08]} Rxd2 {[%emt 0:03:16]} 16. Bxd2 {[%emt 0:00:03]} Bc8 {[%emt 0:00:10]} 17. a4 {[%emt 0:03:13]} b4 {[%emt 0:01:36]} 18. Nd1 {[%emt 0:02:34]} a5 {[%emt 0:01:18]} 19. g4 $17 {[%emt 0:03:29]} Nd4 {[%emt 0:03:45]} 20. Bg2 {[%emt 0:01:20]} Nd7 {[%emt 0:00:57]} 21. Nxd7 {[%emt 0:02:08]} Bxd7 {[%emt 0:00:11]} 22. b3 {[%emt 0:00:01]} Be6 {[%emt 0:06:10]} 23. Ne3 {[%emt 0:03:57]} Rd8 {[%emt 0:01:58]} 24. Re1 {[%emt 0:01:18]} Bxb3 {[%emt 0:01:59]} 25. Bxb4 {[%emt 0:04:23]} axb4 {[%emt 0:01:45]} 26. cxb3 {[%emt 0:00:02]} Nxb3+ {[%emt 0:00:09]} 27. Kc2 {[%emt 0:00:10]} Nc5 {[%emt 0:02:50]} 28. Nd5 {[%emt 0:00:10]} b3+ {[%emt 0:00:23]} 29. Kb1 {[%emt 0:00:13]} Nxa4 {[%emt 0:02:20]} 0-1

[Event "WYCC 2018 O18"]
[Site "Halkidiki"]
[Date "2018.10.22"]
[Round "4"]
[White "Liang, Albert"]
[Black "Alexiadis, Hristos"]
[Result "0-1"]
[WhiteElo "2042"]
[BlackElo "2263"]
[Annotator "NA"]
[PlyCount "74"]
[EventDate "2018.10.20"]
[EventType "swiss"]
[EventCountry "GRE"]
[SourceTitle "playchess.com"]
[Source "ChessBase"]
[SourceQuality "1"]
[TimeControl "40/5400+30:1800+30"]

1. e4 {[%emt 0:00:00]} c5 {[%emt 0:00:00]} 2. Nf3 {[%emt 0:00:00]} d6 {[%emt 0:00:06]} 3. d4 {[%emt 0:00:00]} cxd4 {[%emt 0:00:45]} 4. Nxd4 {[%emt 0:00:00]} Nf6 {[%emt 0:00:11]} 5. Nc3 {[%emt 0:00:09]} a6 {[%emt 0:01:30]} 6. g3 {[%emt 0:00:41]} e5 {[%emt 0:00:19]} 7. Nb3 {[%emt 0:00:22]} Be7 {[%emt 0:00:21]} 8. Bg2 {[%emt 0:00:18]} O-O {[%emt 0:00:23]} 9. O-O {[%emt 0:00:14]} Be6 {[%emt 0:01:58]} 10. a4 {[%emt 0:00:38]} Nbd7 {[%emt 0:01:58]} 11. Re1 {[%emt 0:01:46] B91: Sicilian Najdorf: 6 g3} Rc8 {[%emt 0:00:10]} 12. Nd2 {[%emt 0:01:03]} Qa5 {[%emt 0:09:22]} (12... h6 13. Nf1 Re8 14. Ne3 Qc7 15. a5 Nf8 16. Bd2 N8h7 17. h4 Qd7 18. Na4 Bd8 {0-1 (67) Duda,J (2737)-Grischuk,A (2766) chess.com INT 2018}) 13. Nd5 $146 {[%emt 0:11:06]} ({Predecessor:} 13. Nf1 b5 14. Ne3 Rxc3 15. bxc3 Nc5 16. Nf5 Bxf5 17. exf5 Nxa4 18. c4 Qc7 19. cxb5 axb5 {1-0 (32) Mista,A (2613)-Nagy,G (2423) Arad 2014}) 13... Nxd5 {[%emt 0:02:56]} 14. exd5 {[%emt 0:00:08]} Bf5 {[%emt 0:00:09]} 15. c3 {[%emt 0:02:44]} Qc7 {[%emt 0:01:50]} 16. Nf1 {[%emt 0:04:19]} Bg6 {[%emt 0:01:33]} 17. Be3 {[%emt 0:10:07]} Rce8 {[%emt 0:01:33]} 18. Qc1 {[%emt 0:05:59]} Bh5 {[%emt 0:11:01]} 19. c4 {[%emt 0:06:07]} a5 {[%emt 0:04:39]} 20. Qc3 {[%emt 0:05:46]} f5 {[%emt 0:01:27]} 21. f4 {[%emt 0:06:54]} Bf6 {[%emt 0:01:26]} 22. Qc2 {[%emt 0:00:35]} Nc5 {[%emt 0:04:56]} 23. Nd2 {[%emt 0:03:45]} exf4 {[%emt 0:15:03]} 24. gxf4 {[%emt 0:08:36]} Bh4 {[%emt 0:00:08]} 25. Bf2 {[%emt 0:00:10]} Bxf2+ {[%emt 0:00:05]} 26. Kxf2 {[%emt 0:00:04]} Qd8 {[%emt 0:06:37]} 27. Kg1 {[%emt 0:06:37]} Qh4 {[%emt 0:00:09]} 28. Rxe8 {[%emt 0:10:20]} Bxe8 {[%emt 0:00:04]} 29. Rf1 {[%emt 0:01:26]} Qf6 {[%emt 0:00:08]} 30. b3 {[%emt 0:02:22]} Qd4+ {[%emt 0:00:06]} 31. Kh1 {[%emt 0:00:13]} Bh5 {[%emt 0:00:35]} 32. Nb1 $19 {[%emt 0:04:06]} Nd3 {[%emt 0:02:37]} 33. Qd2 {[%emt 0:01:40]} Re8 {[%emt 0:02:20]} 34. Nc3 {[%emt 0:00:42]} Be2 {[%emt 0:02:03]} 35. Nb1 {[%emt 0:03:54]} Bxf1 {[%emt 0:00:39]} 36. Bxf1 {[%emt 0:00:02]} Re1 {[%emt 0:00:32]} 37. Kg2 {[%emt 0:00:51]} Qe4+ {[%emt 0:00:49]} 0-1

[Event "WYCC 2018 O18"]
[Site "Halkidiki"]
[Date "2018.10.22"]
[Round "4"]
[White "Kadianis, Georgios"]
[Black "Kandil, Adham"]
[Result "1-0"]
[WhiteElo "1928"]
[BlackElo "2292"]
[Annotator "NA"]
[PlyCount "61"]
[EventDate "2018.10.20"]
[EventType "swiss"]
[EventCountry "GRE"]
[SourceTitle "playchess.com"]
[Source "ChessBase"]
[SourceQuality "1"]
[TimeControl "40/5400+30:1800+30"]

1. e4 {[%emt 0:00:00]} c5 {[%emt 0:00:00]} 2. Nc3 {[%emt 0:00:00]} d6 {[%emt 0:00:03]} 3. g3 {[%emt 0:00:07]} g6 {[%emt 0:00:36]} 4. Bg2 {[%emt 0:00:06]} Bg7 {[%emt 0:00:07]} 5. d3 {[%emt 0:00:09]} Nc6 {[%emt 0:00:15]} 6. Be3 {[%emt 0:00:20]} Nd4 {[%emt 0:00:56]} 7. Qd2 {[%emt 0:03:27]} e5 {[%emt 0:02:04]} 8. Nd5 {[%emt 0:14:58]} Be6 {[%emt 0:05:45] B26: Closed Sicilian: 3 g3, lines with early Be3} (8... h6 9. c3 Nc6 10. Ne2 Nge7 11. O-O Nxd5 12. exd5 Ne7 13. f4 exf4 14. Bxf4 g5 15. Be3 O-O 16. d4 {0-1 (70) Short,N (2678)-Mamedov,R (2709) Riadh 2017}) 9. c3 {[%emt 0:00:54]} Bxd5 {[%emt 0:01:09]} 10. cxd4 {[%emt 0:10:54]} cxd4 {[%emt 0:01:12]} 11. Bg5 {[%emt 0:11:54]} f6 {[%emt 0:00:37]} 12. exd5 {[%emt 0:01:53]} fxg5 {[%emt 0:00:06]} 13. Bh3 {[%emt 0:00:27]} Qb6 $146 {[%emt 0:06:11]} ({Predecessor:} 13... Nf6 14. Be6 Nd7 15. Nf3 Nc5 16. Nxg5 {1-0 (40) Lerch,P (2353)-Wirthensohn,H (2396) Germany 2004}) 14. Be6 {[%emt 0:10:53]} g4 {[%emt 0:02:07]} 15. Kf1 {[%emt 0:07:40]} Bh6 {[%emt 0:01:21]} 16. Qc2 {[%emt 0:00:22]} Nf6 {[%emt 0:01:49]} 17. h3 {[%emt 0:04:07]} gxh3 {[%emt 0:02:06]} 18. Rxh3 {[%emt 0:00:06]} Bg7 {[%emt 0:00:04]} 19. Rc1 {[%emt 0:01:50]} Kd8 {[%emt 0:07:20]} 20. Nf3 {[%emt 0:02:08]} Ne8 {[%emt 0:12:34]} 21. Ng5 {[%emt 0:06:37]} Ke7 {[%emt 0:00:47]} 22. Nxh7 {[%emt 0:05:32]} Qa5 {[%emt 0:12:04]} 23. b4 {[%emt 0:02:03]} Qa3 {[%emt 0:02:30]} 24. Qd2 {[%emt 0:01:21]} Bf6 $18 {[%emt 0:02:27]} 25. Nxf6 {[%emt 0:04:34]} Rxh3 {[%emt 0:00:13]} 26. Ng8+ {[%emt 0:01:38]} Kf8 {[%emt 0:00:14]} 27. Bxh3 {[%emt 0:01:31]} Kxg8 {[%emt 0:01:27]} 28. Be6+ {[%emt 0:00:05]} Kg7 {[%emt 0:03:15]} 29. Kg2 {[%emt 0:00:06]} Kf6 {[%emt 0:00:26]} 30. Qh6 {[%emt 0:01:31]} Ng7 {[%emt 0:06:13]} 31. Qh4+ {[%emt 0:00:22]} 1-0

[Event "WYCC 2018 O18"]
[Site "Halkidiki"]
[Date "2018.10.23"]
[Round "5"]
[White "Hakobyan, Aram"]
[Black "Le, Minh Hoang"]
[Result "1/2-1/2"]
[WhiteElo "2565"]
[BlackElo "2271"]
[Annotator "TA"]
[PlyCount "121"]
[EventDate "2018.10.20"]
[EventType "swiss"]
[EventCountry "GRE"]
[SourceTitle "playchess.com"]
[Source "ChessBase"]
[SourceQuality "1"]

{[%evp 13,121,31,45,38,65,28,33,47,38,38,45,21,18,10,31,21,22,6,22,9,10,27,22,15,27,0,6,6,14,10,12,12,37,0,70,0,0,0,0,0,0,0,0,0,0,0,17,0,6,0,20,26,25,21,39,30,57,0,27,0,0,0,0,0,18,18,20,37,90,90,90,90,88,97,62,28,43,43,45,8,8,8,8,8,8,8,8,8,8,8,8,8,8,8,8,8,8,8,8,0,8,8,8,8,8,8,8,8,8,8]} 1. e4 c6 2. d4 d5 3. Nd2 dxe4 4. Nxe4 Nd7 5. Nf3 Ngf6 6. Nc3 e6 7. Bd3 {B17: Caro-Kann: Modern Line (4...Nd7)} Be7 {LiveBook: 3 Games} 8. O-O b6 9. Qe2 {White is slightly better.} Bb7 10. Bf4 Nf8 $146 ({Predecessor:} 10... O-O 11. Rad1 c5 12. dxc5 Bxc5 13. Ne5 Qe7 14. Nxd7 Nxd7 {½-½ (42) Dominguez Perez,L (2726)-Wojtaszek,R (2744) Beijing 2014}) 11. Rad1 Ng6 12. Bc1 Qc7 13. Ne4 Nxe4 14. Bxe4 O-O 15. Ng5 Bxg5 16. Bxg5 c5 17. Bxb7 Qxb7 18. dxc5 bxc5 19. b3 Rfc8 20. h4 h6 21. h5 Ne7 22. Bf4 c4 23. Be5 Nf5 (23... Rc5 $11) 24. Rd2 ({White should play} 24. g4 $1 $14 cxb3 25. axb3) 24... cxb3 $11 25. axb3 Rd8 26. Ra1 Rxd2 27. Qxd2 Nh4 {[%csl Gh4][%cal Rb7g2] [#]} 28. f3 Nf5 ({Reject} 28... Qxf3 $6 29. gxf3 Nxf3+ 30. Kf2 $16) 29. Qf2 a6 30. Rd1 Rc8 31. Rd3 Qb5 32. Bb2 Ne7 33. g4 Qg5 34. c4 Nc6 35. f4 (35. Kg2 $14) 35... Qa5 36. g5 hxg5 37. fxg5 Rd8 38. g6 fxg6 39. hxg6 Qg5+ $1 40. Rg3 {[#] Qf7+ would kill now.} Rd1+ ({Better is} 40... Qe7 $1 $14) 41. Kg2 $1 $16 {Threatening mate with Qf7+.} Qd2 {Strongly threatening ...Qxf2+.} 42. Bc3 Qxf2+ 43. Kxf2 {[%mdl 4096] Endgame KRB-KRN} Rb1 44. Re3 Rxb3 45. Rxe6 {[%cal Re6e8]} Kf8 46. Bd2 Rf3+ $1 {The position is equal.} 47. Kxf3 Nd4+ 48. Ke4 {White threatens Bb4+ and mate.} (48. Kg4 {is interesting.} Nxe6 49. Bb4+ Ke8 50. Kf5 Nd4+ 51. Kg5) 48... Nxe6 $11 {KB-KN} 49. Ke5 Ke7 50. Ba5 Kd7 51. Bb4 Nd8 {White must now prevent ...Nc6+.} 52. Bc3 Nc6+ 53. Kf5 Ne7+ 54. Kg5 Kc6 55. Bb4 Kd7 56. Bc3 Kc6 57. Bxg7 Nxg6 $1 58. Kxg6 Kc5 59. Bc3 Kxc4 60. Be1 a5 61. Bxa5 {Precision: White = 54%, Black = 61%.} 1/2-1/2

[Event "WYCC 2018 O18"]
[Site "Halkidiki"]
[Date "2018.10.23"]
[Round "5"]
[White "Nguyen, Thai Dai Van"]
[Black "Gumularz, Szymon"]
[Result "1/2-1/2"]
[WhiteElo "2556"]
[BlackElo "2441"]
[Annotator "TA"]
[PlyCount "120"]
[EventDate "2018.10.20"]
[EventType "swiss"]
[EventCountry "GRE"]
[SourceTitle "playchess.com"]
[Source "ChessBase"]
[SourceQuality "1"]

{[%evp 24,120,24,23,16,22,26,20,22,22,64,64,85,89,100,82,83,70,78,73,74,74,80,20,19,20,20,12,12,11,25,8,18,8,24,12,12,4,24,6,8,0,14,0,0,0,22,11,20,23,25,22,28,24,25,0,0,0,31,15,22,0,0,0,0,0,0,0,0,0,0,-477,-459,-413,-353,-1212,-1280,-1262,-1294,-1306,-77,-1193,-1253,-1083,-1003,-1289,-122,-1296,0,-1308,-388,-1454,-716,-189,-84,-84,0,0,0]} 1. e4 c6 2. d4 d5 3. e5 Bf5 4. Nf3 e6 5. Be2 c5 6. Be3 cxd4 7. Nxd4 Ne7 8. O-O Nbc6 9. Bb5 {B12: Caro-Kann (Vorstoß-Variante)} a6 10. Bxc6+ bxc6 (10... Nxc6 11. Nxf5 exf5 12. c3 Qd7 13. Re1 Be7 14. Nd2 O-O 15. Nf3 Qe6 16. Qb3 b5 {1-0 (40) Dominguez Perez,L (2739)-So,W (2780) Saint Louis 2018}) 11. c4 Qd7 12. Nc3 dxc4 13. Na4 {LiveBook: 13 Partien. Droht stark Sb6.} Nd5 {zielt auf ...Ld3 ab.} 14. Nxf5 exf5 15. Rc1 c3 16. Qc2 Qe6 {[#]} 17. Nxc3 $146 Be7 18. Nxd5 cxd5 19. Qa4+ Qd7 20. Qxd7+ Kxd7 21. Rfd1 Rhc8 22. Rxd5+ Ke6 23. Rdd1 (23. Rxc8 $16 Rxc8 24. Ra5) 23... Rxc1 $11 24. Rxc1 Kxe5 {[%mdl 4096] Endspiel KTL-KTL} 25. Rc7 Ke6 26. Kf1 Bd6 27. Rb7 h5 28. h3 f4 29. Bd2 g5 30. b3 g4 31. hxg4 hxg4 32. Ke2 f5 33. Rb6 Kd5 34. b4 Be5 35. Rh6 Ke4 36. f3+ Kd4 37. Rc6 {Droht Matt per Tc5.} Kd5 38. Rc5+ Ke6 39. Rc6+ Kd5 40. Rc5+ Ke6 41. a4 Bd6 42. Rc4 (42. Rc6 {feels hotter.} Kd5 43. Rb6 Rh8 44. a5 Rh1 45. b5) 42... g3 43. Bxf4 Bxf4 44. Rxf4 {KT-KT} Rh8 45. Rc4 Rh2 $1 46. Rc6+ Ke5 47. Rc5+ $2 {[%mdl 8192]} ({Doch nicht} 47. Rxa6 Rxg2+ 48. Kf1 Rf2+ 49. Kg1 Rxf3 $17) (47. f4+ $11 Ke4 48. Rc4+ Kd5 49. Rc3 Rxg2+ 50. Kf3) 47... Kf4 $1 $19 48. Rc4+ Kg5 49. b5 $2 {[#]} (49. Kf1 Rh1+ 50. Ke2) 49... axb5 $1 50. axb5 Rxg2+ 51. Kf1 Rb2 52. b6 $2 {[%mdl 8192]} (52. Rc8 $17) 52... Rxb6 53. Kg2 f4 54. Rc5+ Kh4 $2 (54... Kg6 $19 {Und weiter mit ...Tb2+ wäre nett.} 55. Rc2 Kg5 56. Rc5+ Kf6) 55. Rc2 $2 {[%mdl 8192]} (55. Rf5 $17) 55... Kg5 56. Rc5+ Kf6 57. Rc2 Ke5 58. Re2+ Kd5 (58... Kf5 $19 {und Schwarz behält klar die Oberhand.} 59. Ra2 Rb1 60. Ra5+ Ke6 61. Ra6+ Kd5 62. Ra5+ Kd6) 59. Re4 $17 {[#]} Rb2+ ({Lieber} 59... Rf6 $1 $17) 60. Kg1 $11 Rb1+ {Precision: Weiß = 43%, Schwarz = 59%.} 1/2-1/2

[Event "WYCC 2018 O18"]
[Site "Halkidiki"]
[Date "2018.10.23"]
[Round "5"]
[White "Shevchenko, Kirill"]
[Black "Burovic, Rijad"]
[Result "1-0"]
[WhiteElo "2549"]
[BlackElo "2380"]
[Annotator "TA"]
[PlyCount "153"]
[EventDate "2018.10.20"]
[EventType "swiss"]
[EventCountry "GRE"]
[SourceTitle "playchess.com"]
[Source "ChessBase"]
[SourceQuality "1"]

{[%evp 19,153,32,37,15,14,19,18,1,9,5,0,7,17,24,75,41,100,110,103,120,165,89,81,67,179,161,162,142,128,132,139,109,286,286,267,256,255,247,291,307,332,323,323,109,116,117,402,384,439,434,507,399,399,390,391,371,429,303,382,293,300,298,271,171,179,167,206,199,199,150,430,475,494,471,439,412,600,592,585,585,570,0,558,544,518,270,278,150,428,143,264,227,475,471,455,462,437,143,143,143,143,143,266,260,572,491,477,294,287,143,300,275,458,489,870,863,789,500,481,423,378,336,630,468,633,633,596,562,836,511,682,824,1370,1228,1170,1279]} 1. d4 Nf6 2. Bf4 c5 3. e3 cxd4 4. exd4 d5 5. c3 Nc6 6. Nd2 {B13: Caro-Kann: Exchange Variation and Panov-Botvinnik Attack} (6. Bd3 Bg4 7. Qb3 Qd7 8. Nd2 e6 9. Ngf3 Bd6 10. Bxd6 Qxd6 11. O-O O-O 12. Rae1 Rab8 13. Ne5 b5 14. Bxb5 a6 15. Bxc6 Rxb3 16. axb3 Bf5 17. b4 Ng4 18. Ba4 h5 {½-½ (37) Aronian,L (2767)-Mamedyarov,S (2801) Saint Louis 2018}) 6... Bf5 7. Qb3 Qc8 8. Ngf3 e6 9. Nh4 Bg4 10. h3 Bh5 {LiveBook: 10 Games} 11. g4 Bg6 $1 12. Nxg6 hxg6 13. Bg2 $146 Qd7 14. O-O-O Na5 15. Qc2 Bd6 16. Be5 g5 (16... Rc8 $11 {remains equal.}) 17. Rhe1 b5 (17... Rc8 $14) 18. Bxf6 $16 gxf6 19. Bxd5 $1 Rc8 20. Bg2 (20. Ne4 $1 $18 {[%cal Re4f6]} Be7 21. Bb3) 20... Kf8 21. d5 e5 (21... exd5 $1 $14 22. Nb3 (22. Bxd5 Bf4 $11) 22... Nxb3+ 23. axb3 b4) 22. Ne4 $36 {[%cal Bd2e4,Be4g3,Bg3f5][%mdl 2080] Black is under strong pressure.} Kg7 23. Ng3 b4 24. Nf5+ Kg8 25. Rd3 e4 $2 (25... Nc4 $16) 26. Rxe4 Nc4 27. Nxd6 Qxd6 28. Rdd4 Na3 29. Qa4 ({Inferior is} 29. bxa3 Rxc3 30. axb4 (30. Re8+ Kg7 $15) 30... Rxc2+ 31. Kxc2 Kg7 $15) 29... bxc3 30. bxa3 Qh2 31. Bf3 $2 ({Weaker is} 31. Qxa7 Qxg2 32. Qa4 c2 $19) (31. Qa6 $18 Kg7 32. Bf1) 31... Qxf2 $16 {( -> ...Qb2+)} 32. Be2 {aiming for d6.} c2 $2 {[%mdl 8192]} (32... Rxh3 $16 33. Qc2 Rh1+ 34. Rd1 Rxd1+ 35. Bxd1 Qc5) 33. Rc4 $18 Qe1+ 34. Kxc2 $1 Kg7 35. Qb4 Qh1 {Threatens to win with ...Qxe4+.} 36. Rxc8 Rxc8+ 37. Rc4 Re8 38. Bd3 Qxd5 39. Be4 Qe5 40. Qc3 Qh2+ 41. Qd2 Qxh3 42. Bd3 Re3 43. Bf5 Rxa3 44. Rc3 Rxc3+ $2 (44... Rxa2+ $16 45. Kb3 Rxd2 46. Rxh3 Rd6) 45. Qxc3 Qg2+ 46. Kb3 Qd5+ 47. Qc4 Qa5 (47... Qd1+ $142 48. Kc3 Qc1+ 49. Kb3 Qd1+ 50. Kc3 Qc1+ 51. Kb3 Qd1+) 48. a3 Qb6+ 49. Ka4 Qd6 50. Kb3 Qb6+ $1 51. Qb4 {Black must now prevent Qxb6.} Qc6 52. Bd3 Qd7 53. Qe4 Qc7 $2 (53... Qd6 $16 54. Qh7+ Kf8) 54. Bc4 $2 ({Not} 54. Qh7+ Kf8 $16) (54. Qd4 $1 $18 {and the rest is easy.} Qb7+ 55. Ka4) 54... Qb6+ (54... Qd6 $16 {was worth a try.} 55. Qd3 Qb6+ 56. Kc2 Qc5) 55. Ka4 Qc5 $2 (55... Qd8 56. Qd3 Qe8+ 57. Kb4 Qb8+ 58. Kc3 Qe5+ 59. Qd4 Qg3+ 60. Bd3 Qc7+ 61. Bc4 Qg3+ 62. Kb4 Qb8+ 63. Ka4 Qe8+ 64. Kb3 Qb8+ 65. Kc3 Qg3+) 56. Qd5 $1 {[%cal Rd5c5]} Qc7 {[#]} 57. Qd4 $1 {[%cal Rd4d5]} Qe7 58. Kb3 $2 (58. Ba6 $18 {has better winning chances.} Qc7 59. Bc4) 58... Qb7+ $16 59. Kc3 Qe7 60. a4 {[%cal Ba3a4,Ba4a5,Ba5a6][%mdl 32]} Qe1+ {[#]} (60... Qc7 $16 61. Kd3 Qg3+ 62. Kc2 Qh2+ 63. Kc3 Qg3+ 64. Kb2 Qg2+ 65. Ka3 Qg3+ 66. Kb4 Qb8+ 67. Kc3 Qg3+ 68. Kd2 Qg2+ 69. Kc3 Qg3+) 61. Kb3 $1 $18 Qg3+ $2 (61... Qb1+ 62. Ka3 a5) 62. Bd3 Qb8+ 63. Ka3 Qf8+ 64. Ka2 (64. Kb2 $18 {is more deadly.}) 64... Qe7 $2 (64... a5 $16 65. Qe4 Qh8) 65. a5 Qc7 $2 (65... Qe1 66. a6 Qd2+ 67. Kb3 Qd1+ 68. Kc4 Qa4+ 69. Kc5 Qe8) 66. a6 Qa5+ (66... Qe7 $142 67. Kb3 Qe6+ 68. Bc4 Qe7) 67. Kb3 Qc7 68. Bc4 Qb8+ 69. Ka3 Qc7 70. Qd5 Kg8 $2 (70... f5 71. Qd4+ f6 72. gxf5 Qe7+ 73. Kb3 Kh6) 71. Kb4 {White is clearly winning.} Qb6+ 72. Qb5 {White wants to mate with Qxb6.} Qd6+ 73. Qc5 Qb8+ 74. Ka3 Qg3+ 75. Bb3 {Qe7 would kill now.} Qe1 76. Qc7 Qa1+ 77. Ba2 {Precision: White = 60%, Black = 28%.} 1-0

[Event "WYCC 2018 O18"]
[Site "Halkidiki"]
[Date "2018.10.23"]
[Round "5"]
[White "Van Foreest, Lucas"]
[Black "Janik, Igor"]
[Result "1-0"]
[WhiteElo "2499"]
[BlackElo "2453"]
[Annotator "TA"]
[PlyCount "59"]
[EventDate "2018.10.20"]
[EventType "swiss"]
[EventCountry "GRE"]
[SourceTitle "playchess.com"]
[Source "ChessBase"]
[SourceQuality "1"]

{[%evp 13,59,36,39,35,44,40,40,40,42,36,58,-7,51,52,48,32,21,0,0,0,0,0,0,0,0,0,0,0,50,47,45,37,117,104,275,138,147,118,183,202,1031,1050,1012,1002,994,931,2692,2826]} 1. e4 c6 2. d4 d5 3. exd5 cxd5 4. Bd3 Nc6 5. c3 Qc7 6. h3 g6 7. Ne2 {B13: Caro-Kann: Exchange Variation and Panov-Botvinnik Attack} (7. Nf3 Bg7 8. O-O Nh6 9. Re1 O-O 10. Na3 Bf5 11. Bxh6 Bxh6 12. Bxf5 gxf5 13. Nh4 e6 14. Qh5 Qf4 {1-0 (34) Artemiev,V (2663)-Dreev,A (2660) Sochi 2016}) 7... Bf5 {LiveBook: 12 Games} 8. Bf4 Qb6 {Threatening ...Bxd3.} 9. Bxf5 {White is slightly better.} gxf5 10. Qb3 e6 11. Na3 Nf6 $146 ({Predecessor:} 11... Qxb3 12. axb3 {½-½ (12) Maiorov,O (2469)-Panarin,M (2486) Krasnodar 2005}) 12. Nb5 ({White should play} 12. Qxb6 $14 axb6 13. Nb5) 12... Rc8 (12... Kd7 $1 $11) 13. Nd6+ $14 Bxd6 $1 14. Bxd6 Rg8 15. O-O Nxd4 $1 16. cxd4 {Black must now prevent Qa3.} Qxd6 17. Qxb7 Rc7 18. Qb3 Ke7 19. Qe3 Rc2 20. Nf4 Rxb2 21. Nd3 Rb7 22. Rac1 {[%cal Ba1c1,Bc1c6,Bc6c8,Bc8f8][%mdl 1056] And now Ne5 would win. White has compensation.} Nd7 {[#]} (22... Rc7 $1 $14) 23. Qh6 $1 $16 Nf8 $2 (23... Rgb8 $16) 24. Ne5 ({White should try} 24. Rc8 $18) 24... f6 25. Rc6 Qb4 (25... Qb8 $16 {might work better.} 26. Qh4 Rb1) 26. Qh4 $18 f4 $2 (26... Qd2 27. Rfc1 h5) 27. Rc8 {White is clearly winning.} Qb6 28. Rfc1 f3 29. Nxf3 Kf7 {[#]} 30. Rxf8+ $1 {[%mdl 512] Precision: White = 63%, Black = 38%.} 1-0